|
|
|
|
| LEADER |
00000nas a2200000 a 4500 |
| 001 |
ssj0006076 |
| 003 |
WaSeSS |
| 005 |
20200512172242.0 |
| 006 |
m d |
| 007 |
cr n |
| 008 |
861007d19862002nyubn p s 0 a0eng c |
| 010 |
|
|
|a 91649822
|z sn 86043191
|
| 016 |
7 |
|
|a 014934728
|2 DE-101
|
| 016 |
7 |
|
|a 896463-4
|2 DE-600
|
| 016 |
7 |
|
|a 101084667
|2 DNLM
|
| 022 |
|
|
|l 1058-5095
|y 1058-5095
|
| 035 |
|
|
|a (WaSeSS)ssj0006076
|
| 040 |
|
|
|a GAO
|b eng
|c GAO
|d WAU
|d NST
|d IUL
|d HUL
|d NST
|d NSD
|d DLC
|d NST
|d HUL
|d NST
|d DLC
|d NSD
|d NST
|d SYS
|d NLM
|d OCLCQ
|d GUA
|d CUS
|d MUQ
|d NYDWH
|d OCLCQ
|d DEBBG
|d GBVCP
|d OCLCF
|d OCLCO
|d OCLCQ
|d WaSeSS
|
| 042 |
|
|
|a pcc
|a nsdp
|
| 050 |
0 |
0 |
|a JV6001
|b .M55
|
| 082 |
0 |
0 |
|a 325/.05
|2 20
|
| 210 |
0 |
|
|a Migr. world mag.
|
| 222 |
|
0 |
|a Migration world magazine
|
| 245 |
0 |
0 |
|a Migration world magazine
|h [electronic resource].
|
| 246 |
3 |
0 |
|a Migrationworld magazine
|
| 246 |
1 |
7 |
|a Migration world
|
| 260 |
|
|
|a Staten Island, N.Y. :
|b Center for Migration Studies of New York,
|c 1986-©2002.
|
| 310 |
|
|
|a Bimonthly (except July-Aug.)
|
| 362 |
0 |
|
|a Vol. 14, no. 1/2 (1986)-v. 30, no. 4/5 (2002).
|
| 500 |
|
|
|a Title from cover.
|
| 500 |
|
|
|a Title varies slightly.
|
| 506 |
|
|
|a License restrictions may limit access.
|
| 515 |
|
|
|a Some issues combined.
|
| 650 |
|
0 |
|a Emigration and immigration
|v Periodicals.
|
| 650 |
|
6 |
|a Émigration et immigration
|v Périodiques.
|
| 650 |
|
7 |
|a Emigration and immigration.
|2 fast
|0 (OCoLC)fst00908690
|
| 650 |
1 |
7 |
|a MIGRATION.
|2 unbist
|
| 655 |
|
0 |
|a Electronic journals.
|
| 710 |
2 |
|
|a Center for Migration Studies (U.S.)
|
| 780 |
0 |
0 |
|t Migration today (Staten Island, New York, N.Y.)
|x 0197-9175
|w (DLC) 89645543
|w (OCoLC)2938384
|
| 850 |
|
|
|a AzTeS
|a CSt
|a CU-Riv
|a CU-S
|a CaOWA
|a CoU
|a CtY
|a DGW
|a DLC
|a DeU
|a FU
|a GU
|a ICarbS
|a IMunS
|a IaAS
|a IaU
|a InU
|a KMK
|a MH
|a MH-Ed
|a MdU
|a MiEM
|a MiU
|a NBC
|a NCH
|a NIC
|a NN
|a NNC
|a NSyU
|a NjP
|a NmU
|a OCU
|a OU
|a RPB
|a TxCM
|a TxHR
|a ULA
|a ViBlbV
|a WaU
|
| 853 |
0 |
0 |
|8 1
|a v.
|b no.
|i (year)
|
| 856 |
4 |
0 |
|z Full text available from Research Library: 01/01/1994 to 01/31/2002
|u https://search.proquest.com/publication/47816
|
| 863 |
4 |
0 |
|8 1
|a <14>-
|i <1986>-
|x provisional
|